| 000 | 00872cam1a220022900 4500 | ||
|---|---|---|---|
| 001 | tmp15327681 | ||
| 003 | UPRA | ||
| 005 | 20190830114731.0 | ||
| 008 | 950731s1894 nyu eng u | ||
| 035 | _a(Sirsi) r114728 | ||
| 035 | _a(UPRA)tmp15327681 | ||
| 040 | _cUPRA | ||
| 041 | 1 |
_aeng ger _heng ger |
|
| 100 | 1 |
_aFrobel, Friedrich, 1782-1852. _dFrobel, Friedrich, 1782-1852. _6A76547.1 |
|
| 245 | 1 | 4 |
_aThe education of man / _ctr. from the German and annotated by W.N. Hailmann. |
| 260 |
_aNew York : _bAppleton, _c1894. |
||
| 440 | 0 |
_aInternational education series ; _vv. 5 _6S12132.1 |
|
| 650 | 0 |
_aEducation. _6S3595.1 |
|
| 700 | 1 |
_aHailmann, W. N. (William Nicholas), 1836-1920. _qHailmann, W. N. (William Nicholas), 1836-1920. _dHailmann, W. N. (William Nicholas), 1836-1920. _6A78545.1 |
|
| 949 |
_aLB1153 _wlcc _i-164929 _mMAIN _tBOOK _lON-SHELF |
||
| 004 | 114728 | ||
| 999 |
_c194028 _d194028 |
||